000 01249nam a2200325 i 4500
001 1164862
003 EG-ScBUE
005 20230404102646.0
008 961017s1997 enka f b 001 0 eng d
020 _a9780192842008
040 _aDLC
_beng
_erda
_cDLC
_dDLC
_dEG-ScBUE
082 0 4 _a770
_222
_bCLA
100 1 _aClarke, Graham,
_d1948-
_eauthor.
245 1 4 _aThe photograph /
_cGraham Clarke.
264 1 _aOxford :
_bOxford University Press,
_c1997.
300 _a247 pages :
_billustrations (some color) ;
_c25 cm.
336 _2rdacontent
_atext
_btxt
337 _2rdamedia
_aunmediated
_bn
338 _2rdacarrier
_avolume
_bnc
490 0 _aOxford history of art
504 _aIncludes bibliographical references and index.
650 7 _aPhotography
_xHistory.
_2BUEsh
653 _bART
_cApril2023
655 _vReading book
856 4 2 _3Publisher description
_uhttp://www.loc.gov/catdir/enhancements/fy0602/96047645-d.html
856 4 2 _3Contributor biographical information
_uhttp://www.loc.gov/catdir/enhancements/fy0725/96047645-b.html
906 _a7
_bcbc
_corignew
_d1
_eocip
_f19
_gy-gencatlg
942 _2ddc
_cBB
999 _c30261
_d30232